|
|
|
|
| LEADER |
01012nam a2200217 a 4500 |
| 001 |
GR-Patra25046 |
| 008 |
040804s2005 nyu e b 001 b eng d |
| 020 |
|
|
|a 0387954333
|
| 082 |
|
0 |
|a 006.312
|2 22
|
| 245 |
0 |
0 |
|a Text mining :
|b predictive methods for analyzing unstructured information /
|c Sholom M. Weiss ... [et al.].
|
| 260 |
|
|
|a New York :
|b Springer,
|c 2005
|
| 300 |
|
|
|a xii, 237 σ. :
|b εικ.
|
| 500 |
|
|
|a "Αρχιμήδης ΙΙ" Μέτρο 2.2., Υποέργο 2
|
| 504 |
|
|
|a Περιλαμβάνει βιβλιογραφικές παραπομπές (σ. [217]-228) και ευρετήριο.
|
| 610 |
0 |
4 |
|a Αρχιμήδης ΙΙ.
|b Μέτρο 2.2., Υποέργο 2
|
| 650 |
|
0 |
|a Data mining
|
| 700 |
1 |
|
|a Weiss, Sholom M.
|
| 942 |
|
|
|2 ddc
|
| 952 |
|
|
|0 0
|1 0
|2 ddc
|4 0
|6 006_312000000000000_TEX
|7 0
|9 306476
|a LISK
|b LISK
|c BSC
|d 2021-01-17
|e 24
|f 1
|g 0.00
|l 0
|o 006.312 TEX
|p 92410038780
|r 2021-01-17 00:00:00
|t 1
|w 2021-01-17
|y BK15
|x 20080407 0 1
|x GrPaTEI
|
| 971 |
|
|
|a .b2672618x
|b 08-10-20
|c 26-09-16
|
| 999 |
|
|
|c 177094
|d 177094
|